00666nam a2200181 i 450000100060000000300090000600500170001500700030003200800410003510000340007624500830011026000540019330000230024750000930027060000620036371000360042585200230046156403ES-MaACL20250803064423.0t|031008s1971 sp b |||| | spa d1 aDíez Taboada, Juan María.10aBibliografía sobre G.A. Bécquer y su obra / cJuan María Díez Taboada. aMadrid : bInstituto Miguel de Cervantes, c1971. a[45] p. ; c22 cm. aSeparata de: Revista de filología española, t. LII, 1969, cuadernos 1-4, p. 651-695.17aBécquer, Gustavo Adolfo,d1836-1870-vBibliografías22 aInstituto "Miguel de Cervantes" aES-MaACLj2107-F-2